000 01805nam a2200409 a 4500
001 ebr10230012
003 CaPaEBR
006 m u
007 cr cn|||||||||
008 961113s1997 ilua sb 101 0 eng d
010 _z 96050195
020 _z0226261786 (cloth : alk. paper)
020 _z9780226261782
020 _z9780226261850
040 _aCaPaEBR
_cCaPaEBR
035 _a(OCoLC)560660359
043 _ae-sw---
050 1 4 _aHC375
_b.W34 1997eb
082 0 4 _a330.9485/059
_221
245 0 4 _aThe welfare state in transition
_h[electronic resource] :
_breforming the Swedish model /
_cedited by Richard B. Freeman, Robert Topel, and Birgitta Swedenborg.
260 _aChicago :
_bUniversity of Chicago Press,
_c1997.
300 _aix, 477 p. :
_bill.
490 1 _aNational Bureau of Economic Research conference report
490 1 _aConference report (National Bureau of Economic Research)
500 _aA research report presented at a public conference held in Sweden in January 1995.
504 _aIncludes bibliographical references and indexes.
533 _aElectronic reproduction.
_bPalo Alto, Calif. :
_cebrary,
_d2013.
_nAvailable via World Wide Web.
_nAccess may be limited to ebrary affiliated libraries.
651 0 _aSweden
_xEconomic conditions
_y1945-
_vCongresses.
655 7 _aElectronic books.
_2local
700 1 _aFreeman, Richard B.
_q(Richard Barry),
_d1943-
700 1 _aTopel, Robert H.
700 1 _aSwedenborg, Birgitta,
_d1941-
710 2 _aebrary, Inc.
830 0 _aNational Bureau of Economic Research conference report.
830 0 _aConference report (National Bureau of Economic Research)
856 4 0 _uhttp://site.ebrary.com/lib/rucke/Doc?id=10230012
_zAn electronic book accessible through the World Wide Web; click to view
999 _c39260
_d39260